| 000 | 00875nam a22003017a 4500 | ||
|---|---|---|---|
| 001 | BR9406421 | ||
| 003 | BR-BrBNA | ||
| 005 | 20230928094133.0 | ||
| 007 | ta | ||
| 008 | 230509b bl.||||| |||| 00| 0 por d | ||
| 040 |
_aBR-BrBNA _bpor _cBiblioteca Nacional de Agricultura |
||
| 041 | _a(Por) | ||
| 072 | _aE10; E50 | ||
| 090 | _ E10 BR9406421 | ||
| 110 | 1 |
_aServico Federal de Habitacao e Urbanismo, Fortaleza, CE (Brasil) _99339 |
|
| 245 | 1 | _aRelatorio preliminar de desenvolvimento integrado. Municipio de Primeira Cruz, MA | |
| 260 | 3 |
_aFortaleza, CE (Brasil): _c1972. |
|
| 300 | _a114 p. | ||
| 500 | _aMaps inclued | ||
| 650 | _aFisiografia | ||
| 650 | _aDemografia | ||
| 650 | _aIndicador Economico | ||
| 650 | _aIndicador Social | ||
| 650 | _aDesenvolvimento Economico | ||
| 650 | _aMaranhao | ||
| 909 |
_a202309 _bLucia _c55 _dLucia Elande |
||
| 942 | _cBK | ||
| 999 |
_c49043 _d49043 |
||